[Event "Internationaal Jeugdtoernooi Limburg 6"]
[Site "Venlo"]
[Date "2000.07.06"]
[Round "1"]
[White "Amesz, Jaap"]
[Black "Verwer, Sicco"]
[Result "1-0"]
[WhiteElo "2181"]
[BlackElo "1800"]
[PlyCount "37"]
[EventDate "2000.07.06"]
[EventType "swiss"]
[EventRounds "7"]
[EventCountry "NED"]
[Source "P.Boonen"]
[SourceDate "2009.01.01"]

1. e4 e5 2. Nc3 Nf6 3. Bc4 Nc6 4. f4 Bb4 5. Nf3 Qe7 6. d3 exf4 7. O-O O-O 8.
Bxf4 Qc5+ 9. Kh1 Bxc3 10. bxc3 Nxe4 11. dxe4 Qxc4 12. Bxc7 Qxc3 13. Bd6 Re8 14.
Ng5 g6 15. Qd5 Qg7 16. Nxf7 b6 17. Be5 Nxe5 18. Nxe5+ Kh8 19. Nf7+ 1-0

[Event "Internationaal Jeugdtoernooi Limburg 6"]
[Site "Venlo"]
[Date "2000.07.06"]
[Round "1"]
[White "Bensdorp, Laura"]
[Black "Koster, Ramon"]
[Result "0-1"]
[WhiteElo "1674"]
[BlackElo "2106"]
[PlyCount "44"]
[EventDate "2000.07.06"]
[EventType "swiss"]
[EventRounds "7"]
[EventCountry "NED"]
[Source "P.Boonen"]
[SourceDate "2009.01.01"]

1. e4 e6 2. d4 d5 3. exd5 exd5 4. Bd3 Nc6 5. c3 Bd6 6. Ne2 Qf6 7. Qc2 Nge7 8.
Ng3 h5 9. h4 Bg4 10. Ne2 O-O 11. Bg5 Qe6 12. O-O f6 13. Be3 Nf5 14. Bxf5 Bxf5
15. Qd2 Rae8 16. Nf4 Qf7 17. b4 Ne7 18. a4 Ng6 19. g3 Bxf4 20. Bxf4 Bh3 21. Rc1
Re4 22. Be3 Nxh4 0-1

[Event "Internationaal Jeugdtoernooi Limburg 6"]
[Site "Venlo"]
[Date "2000.07.06"]
[Round "1"]
[White "Clevers, Egbert"]
[Black "Erwich, Marc JL"]
[Result "0-1"]
[WhiteElo "1500"]
[BlackElo "2180"]
[PlyCount "56"]
[EventDate "2000.07.06"]
[EventType "swiss"]
[EventRounds "7"]
[EventCountry "NED"]
[Source "P.Boonen"]
[SourceDate "2009.01.01"]

1. e4 c5 2. Nf3 Nc6 3. d4 cxd4 4. Nxd4 Nf6 5. Nc3 d6 6. Bb5 Bd7 7. Nxc6 bxc6 8.
Bc4 e5 9. O-O Be7 10. Bg5 Qc7 11. Qd3 h6 12. Bh4 Rd8 13. Bb3 O-O 14. Qd2 Be6
15. Rac1 Nxe4 16. Nxe4 Bxh4 17. Rfd1 d5 18. Nc5 Bg5 19. Nxe6 fxe6 20. Qd3 e4
21. Qh3 Bxc1 22. Qxe6+ Kh8 23. Rxc1 Qb6 24. Rf1 Rxf2 25. Rxf2 Rf8 26. h3 Qxf2+
27. Kh2 Qf4+ 28. Kg1 e3 0-1

[Event "Internationaal Jeugdtoernooi Limburg 6"]
[Site "Venlo"]
[Date "2000.07.06"]
[Round "1"]
[White "Dambacher, Martijn"]
[Black "Van Run, Jan"]
[Result "1/2-1/2"]
[WhiteElo "2290"]
[BlackElo "1910"]
[PlyCount "123"]
[EventDate "2000.07.06"]
[EventType "swiss"]
[EventRounds "7"]
[EventCountry "NED"]
[Source "P.Boonen"]
[SourceDate "2009.01.01"]

1. e4 d5 2. exd5 Nf6 3. d4 Nxd5 4. c4 Nf6 5. Nf3 Bg4 6. Be2 Nbd7 7. O-O e6 8.
Nc3 c6 9. h3 Bxf3 10. Bxf3 Nb6 11. b3 Be7 12. Bb2 O-O 13. Re1 Qc7 14. Qc2 Rad8
15. Rad1 Rfe8 16. g3 Bb4 17. a3 Bf8 18. h4 Qb8 19. Ne2 Be7 20. Nf4 Bd6 21. Nd3
Bc7 22. Kg2 Nbd7 23. b4 e5 24. dxe5 Nxe5 25. Nxe5 Rxd1 26. Qxd1 Bxe5 27. Rxe5
Rxe5 28. Bxe5 Qxe5 29. Qd8+ Qe8 30. Qc7 Qa8 31. b5 Ne8 32. Qe7 Nf6 33. bxc6
bxc6 34. Qc7 Ne8 35. Qd7 Nf6 36. Qd6 Ne8 37. Qc5 h6 38. Bxc6 Qc8 39. Qb5 Nd6
40. Qd5 Qc7 41. c5 Nc8 42. Qd7 Qxd7 43. Bxd7 Ne7 44. Kf3 Nd5 45. Ke4 Nf6+ 46.
Ke5 Nxd7+ 47. Kd6 Nf6 48. c6 Kf8 49. c7 Ne8+ 50. Kc6 Nxc7 51. Kxc7 Ke7 52. Kb7
Kd6 53. Kxa7 Kc7 54. f4 g6 55. a4 h5 56. Ka6 Kc6 57. a5 f6 58. Ka7 Kc7 59. f5
gxf5 60. a6 f4 61. gxf4 f5 62. Ka8 1/2-1/2

[Event "Internationaal Jeugdtoernooi Limburg 6"]
[Site "Venlo"]
[Date "2000.07.06"]
[Round "1"]
[White "Den Heeten, Djurre"]
[Black "Smeets, Jan"]
[Result "0-1"]
[WhiteElo "1894"]
[BlackElo "2264"]
[PlyCount "52"]
[EventDate "2000.07.06"]
[EventType "swiss"]
[EventRounds "7"]
[EventCountry "NED"]
[Source "P.Boonen"]
[SourceDate "2009.01.01"]

1. e4 d5 2. Nc3 dxe4 3. Nxe4 Nd7 4. Bc4 e6 5. Nf3 Ngf6 6. Nxf6+ Nxf6 7. O-O Bd6
8. d4 O-O 9. Re1 b6 10. Qd3 Bb7 11. Ng5 Bd5 12. b3 c6 13. a4 Qc7 14. g3 a6 15.
Bxa6 b5 16. axb5 cxb5 17. Bb2 h6 18. Nf3 Qb6 19. c4 Rxa6 20. c5 Qb7 21. Rxa6
Qxa6 22. cxd6 Qxd6 23. Nd2 Rc8 24. Qxb5 Rc2 25. Nc4 Qc7 26. Rc1 Rxb2 0-1

[Event "Internationaal Jeugdtoernooi Limburg 6"]
[Site "Venlo"]
[Date "2000.07.06"]
[Round "1"]
[White "Heltzel, Joost"]
[Black "Bensdorp, Marlies"]
[Result "1-0"]
[WhiteElo "2079"]
[BlackElo "1669"]
[PlyCount "105"]
[EventDate "2000.07.06"]
[EventType "swiss"]
[EventRounds "7"]
[EventCountry "NED"]
[Source "P.Boonen"]
[SourceDate "2009.01.01"]

1. Nf3 Nf6 2. g3 d6 3. Bg2 Nbd7 4. O-O e5 5. d3 Be7 6. e4 c6 7. Nc3 Qc7 8. Ne1
h5 9. h3 Nf8 10. Be3 Ne6 11. f4 exf4 12. gxf4 h4 13. d4 Nh5 14. Ne2 Nf8 15. Nd3
Nh7 16. Qd2 Rg8 17. Kh2 g5 18. f5 f6 19. Bf3 Ng7 20. Bg4 Nf8 21. Kh1 Nd7 22.
Rae1 Rf8 23. Ng1 b6 24. Nf3 Ba6 25. Rg1 Bxd3 26. Qxd3 O-O-O 27. a4 Kb7 28. Ra1
d5 29. exd5 cxd5 30. a5 Qc4 31. Qxc4 dxc4 32. Nxh4 Bd6 33. Nf3 Rc8 34. c3 Rh8
35. axb6 Nxb6 36. Ra5 Rce8 37. Rga1 Bb8 38. Bg1 Nh5 39. Bh2 Nc8 40. Rb5+ Nb6
41. Rba5 Nc8 42. Nd2 Bxh2 43. Kxh2 Nf4 44. Nxc4 Kc7 45. Kg3 Ne2+ 46. Bxe2 Rxe2
47. Ra6 Rh6 48. Re6 Rxe6 49. fxe6 f5 50. d5 Rh4 51. b3 f4+ 52. Kg2 f3+ 53. Kg3
1-0

[Event "Internationaal Jeugdtoernooi Limburg 6"]
[Site "Venlo"]
[Date "2000.07.06"]
[Round "1"]
[White "Hendriks, Victor"]
[Black "Nabuurs, Joep"]
[Result "1-0"]
[WhiteElo "1961"]
[BlackElo "1526"]
[PlyCount "99"]
[EventDate "2000.07.06"]
[EventType "swiss"]
[EventRounds "7"]
[EventCountry "NED"]
[Source "P.Boonen"]
[SourceDate "2009.01.01"]

1. Nc3 d5 2. Nf3 Nf6 3. d4 e6 4. Bf4 c5 5. e3 Nc6 6. Be2 cxd4 7. exd4 Bb4 8.
O-O O-O 9. Na4 b6 10. c3 Bd6 11. Bxd6 Qxd6 12. b3 Bb7 13. Nb2 Rfd8 14. Nd3 Rac8
15. Rc1 Ne7 16. Nd2 Rc7 17. Ne5 Re8 18. Nb1 Nf5 19. g4 Ne7 20. f4 Ne4 21. Qe1
f6 22. Nd3 Ba6 23. Rf3 f5 24. g5 Bxd3 25. Bxd3 Ng6 26. Ba6 Rb8 27. Qf1 Qc6 28.
a4 Qd6 29. h3 Kh8 30. Rc2 Rg8 31. h4 Nxh4 32. Rh3 Ng6 33. Rch2 h6 34. Rf3 Nxf4
35. Rxf4 Nxg5 36. Rh5 e5 37. Rxf5 g6 38. Rf6 gxh5 39. Rxd6 Ne4+ 40. Kh2 Nxd6
41. Qf6+ Rcg7 42. Qxh6+ Rh7 43. Qxd6 h4 44. Qxe5+ Rgg7 45. Bd3 Rh6 46. Qf4 Rh5
47. Qe3 Rhg5 48. Nd2 Rg2+ 49. Kh1 R7g3 50. Nf3 1-0

[Event "Internationaal Jeugdtoernooi Limburg 6"]
[Site "Venlo"]
[Date "2000.07.06"]
[Round "1"]
[White "Nabuurs, Mart"]
[Black "Van den Berg, Hilke"]
[Result "0-1"]
[WhiteElo "1500"]
[BlackElo "1949"]
[PlyCount "54"]
[EventDate "2000.07.06"]
[EventType "swiss"]
[EventRounds "7"]
[EventCountry "NED"]
[Source "P.Boonen"]
[SourceDate "2009.01.01"]

1. e4 c5 2. Nc3 g6 3. Nge2 Bg7 4. f4 Nc6 5. d3 e6 6. Be3 Nd4 7. Bxd4 cxd4 8.
Nb1 Ne7 9. Nd2 b5 10. c3 dxc3 11. Nxc3 a6 12. Qb3 Nc6 13. Nf3 Qb6 14. Kd2 Qf2+
15. Ne2 Bb7 16. Rd1 Rc8 17. Rc1 O-O 18. Kd1 Na5 19. Qa3 Rxc1+ 20. Kxc1 Rc8+ 21.
Kd1 Nc6 22. Qd6 Bf8 23. Qxd7 Rd8 24. Qxb7 Rxd3+ 25. Kc1 Qe3+ 26. Kb1 Rd1+ 27.
Kc2 Qd3# 0-1

[Event "Internationaal Jeugdtoernooi Limburg 6"]
[Site "Venlo"]
[Date "2000.07.06"]
[Round "1"]
[White "Ris, Robert"]
[Black "Remmel, Tim"]
[Result "1/2-1/2"]
[WhiteElo "1750"]
[BlackElo "2126"]
[PlyCount "48"]
[EventDate "2000.07.06"]
[EventType "swiss"]
[EventRounds "7"]
[EventCountry "NED"]
[Source "P.Boonen"]
[SourceDate "2009.01.01"]

1. e4 d5 2. exd5 Qxd5 3. Nc3 Qa5 4. d4 c6 5. Bc4 Bf5 6. Nf3 Nf6 7. Bd2 e6 8.
Nd5 Qd8 9. Nxf6+ gxf6 10. c3 Qc7 11. Qe2 Nd7 12. O-O-O O-O-O 13. Nh4 Bg6 14.
Nxg6 hxg6 15. h3 Bd6 16. Rhe1 Kb8 17. Be3 Ka8 18. Kb1 Qa5 19. Bc1 Qh5 20. Qxh5
Rxh5 21. Kc2 Kb8 22. Be3 Kc7 23. Be2 Rh4 24. Bf3 b6 1/2-1/2

[Event "Internationaal Jeugdtoernooi Limburg 6"]
[Site "Venlo"]
[Date "2000.07.06"]
[Round "1"]
[White "Schreiber, Christophe"]
[Black "Van Gils, Philip"]
[Result "1-0"]
[WhiteElo "2111"]
[BlackElo "1726"]
[PlyCount "45"]
[EventDate "2000.07.06"]
[EventType "swiss"]
[EventRounds "7"]
[EventCountry "NED"]
[Source "P.Boonen"]
[SourceDate "2009.01.01"]

1. d4 Nf6 2. Nf3 d5 3. c4 e6 4. Nc3 Be7 5. cxd5 Nxd5 6. e4 Nxc3 7. bxc3 c5 8.
Be2 Nd7 9. O-O b6 10. e5 Bb7 11. Bd3 Qc7 12. Ng5 g6 13. Qe2 h6 14. Ne4 O-O-O
15. a4 c4 16. Bc2 a6 17. Ba3 Bxa3 18. Rxa3 Bxe4 19. Bxe4 g5 20. g3 f5 21. Bg2
Nf8 22. Rb1 h5 23. Rb4 1-0

[Event "Internationaal Jeugdtoernooi Limburg 6"]
[Site "Venlo"]
[Date "2000.07.06"]
[Round "1"]
[White "Simenon, Jozef"]
[Black "Van Ruitenburg, Joost"]
[Result "0-1"]
[WhiteElo "1650"]
[BlackElo "2014"]
[PlyCount "74"]
[EventDate "2000.07.06"]
[EventType "swiss"]
[EventRounds "7"]
[EventCountry "NED"]
[Source "P.Boonen"]
[SourceDate "2009.01.01"]

1. e4 e5 2. Nf3 Nc6 3. d4 exd4 4. Nxd4 Nf6 5. Bg5 h6 6. Nxc6 bxc6 7. Bxf6 Qxf6
8. c3 Bc5 9. Qc2 O-O 10. Bd3 d5 11. O-O Qg5 12. Kh1 Bd6 13. Re1 Qf4 14. g3 Qf3+
15. Kg1 Bh3 16. Bf1 Bxf1 17. Rxf1 Qxe4 18. Qxe4 dxe4 19. Nd2 f5 20. Nc4 f4 21.
Rad1 Bc5 22. b4 Bb6 23. Nxb6 axb6 24. Rd7 Rxa2 25. Rxc7 fxg3 26. hxg3 Rf3 27.
Re7 Re2 28. c4 Rb2 29. c5 bxc5 30. bxc5 Re2 31. Rc7 Kh7 32. Rd7 Rf5 33. Rc1
Rfxf2 34. Rd6 Rg2+ 35. Kh1 Rh2+ 36. Kg1 Reg2+ 37. Kf1 e3 0-1

[Event "Internationaal Jeugdtoernooi Limburg 6"]
[Site "Venlo"]
[Date "2000.07.06"]
[Round "1"]
[White "Tan, Kevin"]
[Black "Spronkmans, Stefan"]
[Result "1-0"]
[WhiteElo "1996"]
[BlackElo "1650"]
[PlyCount "79"]
[EventDate "2000.07.06"]
[EventType "swiss"]
[EventRounds "7"]
[EventCountry "NED"]
[Source "P.Boonen"]
[SourceDate "2009.01.01"]

1. e4 c5 2. Nf3 d6 3. d4 cxd4 4. Nxd4 Nf6 5. Nc3 g6 6. Be3 Bg7 7. f3 O-O 8. Qd2
Nc6 9. Bc4 a6 10. O-O-O Qc7 11. Bb3 b5 12. Nxc6 Qxc6 13. Nd5 Re8 14. Nxf6+ Bxf6
15. Bd5 Qc7 16. Bxa8 a5 17. Bd4 Bxd4 18. Qxd4 Ba6 19. Bd5 e6 20. Bb3 a4 21.
Qxd6 Qc8 22. Bxe6 Rxe6 23. Qd8+ Kg7 24. Qxc8 Bxc8 25. Rd5 Rb6 26. a3 Be6 27.
Rd4 Rc6 28. Rhd1 Bb3 29. R1d2 h5 30. Kd1 Be6 31. Ke2 Kf6 32. Ke3 Ke5 33. f4+
Kf6 34. Rb4 Rc5 35. Kd4 Rc4+ 36. Rxc4 Bxc4 37. Kc5 Ke6 38. b3 axb3 39. cxb3 Bf1
40. a4 1-0

[Event "Internationaal Jeugdtoernooi Limburg 6"]
[Site "Venlo"]
[Date "2000.07.06"]
[Round "1"]
[White "Tan, Matthew"]
[Black "L'Ami, Erwin"]
[Result "0-1"]
[WhiteElo "1800"]
[BlackElo "2189"]
[PlyCount "64"]
[EventDate "2000.07.06"]
[EventType "swiss"]
[EventRounds "7"]
[EventCountry "NED"]
[Source "P.Boonen"]
[SourceDate "2009.01.01"]

1. e4 c5 2. Nf3 d6 3. d4 cxd4 4. Nxd4 Nf6 5. Nc3 a6 6. Be2 e6 7. Be3 Qc7 8. a4
b6 9. f4 Bb7 10. Bf3 Nbd7 11. Nb3 Rc8 12. Rc1 Qb8 13. O-O Be7 14. Qd2 O-O 15.
Rfe1 Qa8 16. Bf2 Rfd8 17. Qe2 Nc5 18. Nxc5 bxc5 19. Rcd1 Bf8 20. Bh4 Rd7 21.
Bxf6 gxf6 22. g3 Bg7 23. Bg2 Rcd8 24. f5 Re7 25. Qf2 Qb8 26. b3 Rde8 27. Re2
Qc7 28. Rde1 Qa5 29. Nd1 exf5 30. Qxf5 Re5 31. Qd7 Qb6 32. Nf2 Bc8 0-1

[Event "Internationaal Jeugdtoernooi Limburg 6"]
[Site "Venlo"]
[Date "2000.07.06"]
[Round "1"]
[White "Van Delft, Merijn"]
[Black "Hansen, Herve"]
[Result "1/2-1/2"]
[WhiteElo "2304"]
[BlackElo "1920"]
[PlyCount "64"]
[EventDate "2000.07.06"]
[EventType "swiss"]
[EventRounds "7"]
[EventCountry "NED"]
[Source "P.Boonen"]
[SourceDate "2009.01.01"]

1. e4 c5 2. Nf3 Nc6 3. d4 cxd4 4. Nxd4 e5 5. Nb5 d6 6. c4 Be7 7. N1c3 a6 8. Na3
Be6 9. Bd3 Nd4 10. O-O Bg5 11. Qa4+ Nc6 12. Rd1 Bxc1 13. Raxc1 Nge7 14. Bf1 O-O
15. Nd5 Bxd5 16. cxd5 b5 17. Qb3 Nd4 18. Qb4 f5 19. Nc2 Nxc2 20. Rxc2 fxe4 21.
Qxe4 Rf4 22. Qe1 Nf5 23. Rdc1 Nd4 24. Rc7 Qg5 25. Rc8+ Rxc8 26. Rxc8+ Kf7 27.
Kh1 Qh4 28. Kg1 Qg4 29. Rc7+ Kg8 30. Kh1 Qh4 31. Kg1 Qg4 32. Kh1 Qh4 1/2-1/2

[Event "Internationaal Jeugdtoernooi Limburg 6"]
[Site "Venlo"]
[Date "2000.07.06"]
[Round "1"]
[White "Van Otten, Gerard J"]
[Black "Erwich, Frank AS"]
[Result "1/2-1/2"]
[WhiteElo "1940"]
[BlackElo "2299"]
[PlyCount "148"]
[EventDate "2000.07.06"]
[EventType "swiss"]
[EventRounds "7"]
[EventCountry "NED"]
[Source "P.Boonen"]
[SourceDate "2009.01.01"]

1. e4 e5 2. Nf3 Nc6 3. Bb5 Nf6 4. O-O Nxe4 5. d4 Nd6 6. Bxc6 dxc6 7. dxe5 Ne4
8. Qe2 Bf5 9. Be3 Bc5 10. Bxc5 Nxc5 11. Nc3 Ne6 12. Rad1 Qe7 13. Nd4 Bg6 14.
Nxe6 Qxe6 15. f4 h5 16. Qf2 Bf5 17. Rd4 Qg6 18. Nd1 O-O 19. Ne3 Rad8 20. Rfd1
Rxd4 21. Rxd4 f6 22. Nxf5 Qxf5 23. exf6 Rxf6 24. h3 Kh7 25. Qd2 Re6 26. Qd3
Qxd3 27. Rxd3 Re2 28. Rb3 b6 29. Rc3 c5 30. g4 h4 31. Kf1 Rh2 32. Ke1 Kg6 33.
Kf1 Kf6 34. Kg1 Rd2 35. Kf1 a5 36. a3 a4 37. Ke1 Rh2 38. Kd1 Ke6 39. Rd3 c4 40.
Re3+ Kd6 41. f5 b5 42. Re6+ Kd5 43. Rg6 Rxh3 44. Rxg7 Rh1+ 45. Kd2 Rg1 46. f6
h3 47. f7 Rf1 48. Rh7 h2 49. Rxh2 Rxf7 50. Rh5+ Kd4 51. c3+ Ke4 52. Rxb5 Rf2+
53. Ke1 Rg2 54. Rb4 Ke3 55. Kd1 Kd3 56. Ke1 c5 57. Rxa4 Rxb2 58. Ra5 Rg2 59.
Rxc5 Rxg4 60. a4 Re4+ 61. Kd1 Rh4 62. Ke1 Rh1+ 63. Kf2 Kxc3 64. a5 Kb3 65. Ke3
c3 66. a6 Ra1 67. Kd3 Rd1+ 68. Ke2 Ra1 69. Kd3 Rd1+ 70. Ke2 c2 71. a7 Rd8 72.
Rc7 Re8+ 73. Kd2 Rd8+ 74. Ke2 Ra8 1/2-1/2

[Event "Internationaal Jeugdtoernooi Limburg 6"]
[Site "Venlo"]
[Date "2000.07.06"]
[Round "1"]
[White "Van Weersel, Arlette"]
[Black "Vink, Nico"]
[Result "0-1"]
[WhiteElo "1819"]
[BlackElo "2234"]
[PlyCount "60"]
[EventDate "2000.07.06"]
[EventType "swiss"]
[EventRounds "7"]
[EventCountry "NED"]
[Source "P.Boonen"]
[SourceDate "2009.01.01"]

1. e4 c5 2. c4 Nc6 3. Ne2 Nf6 4. Nbc3 g6 5. d3 Bg7 6. g3 a6 7. Bg2 Rb8 8. Be3
d6 9. O-O O-O 10. Rb1 b5 11. b3 Bd7 12. Qc1 Re8 13. Bh6 Bh8 14. f4 Ng4 15. f5
Nce5 16. Qf4 Nxh6 17. Qxh6 e6 18. fxg6 hxg6 19. Qd2 Bf6 20. Nf4 Kg7 21. Nd1
bxc4 22. dxc4 Nxc4 23. Qd3 Bd4+ 24. Kh1 Ne5 25. Qd2 Rh8 26. Ne2 Rxh2+ 27. Kxh2
Ng4+ 28. Kh3 Qh8+ 29. Kxg4 Qh5+ 30. Kf4 e5# 0-1

[Event "Internationaal Jeugdtoernooi Limburg 6"]
[Site "Venlo"]
[Date "2000.07.06"]
[Round "1"]
[White "Vanwersch, Rob"]
[Black "Plukkel, Sjoerd"]
[Result "1-0"]
[WhiteElo "1538"]
[BlackElo "1976"]
[PlyCount "93"]
[EventDate "2000.07.06"]
[EventType "swiss"]
[EventRounds "7"]
[EventCountry "NED"]
[Source "P.Boonen"]
[SourceDate "2009.01.01"]

1. e4 c5 2. g3 Nc6 3. Bg2 g6 4. f4 Bg7 5. Nf3 e6 6. d3 Nge7 7. c3 O-O 8. Na3
Rb8 9. Be3 d6 10. Qd2 f5 11. Ng5 b5 12. O-O b4 13. cxb4 Rxb4 14. Rab1 h6 15.
Nh3 Ba6 16. Rfd1 Qb6 17. b3 Nd4 18. Nc4 Bxc4 19. dxc4 a5 20. Nf2 fxe4 21. Bxe4
Qc7 22. Nd3 Rbb8 23. Nc1 Nef5 24. Bf2 Rbd8 25. g4 Ne7 26. Bg3 Qb6 27. Ne2 d5
28. cxd5 exd5 29. Bg2 Qe6 30. Re1 Qxg4 31. Nc3 Rd7 32. Na4 c4 33. Nc5 Rdd8 34.
Rxe7 Nc6 35. Bxd5+ Kh8 36. Rxg7 Kxg7 37. Qc3+ Kh7 38. Ne6 Rg8 39. Nxd8 Rxd8 40.
Bxc6 Rd3 41. Qxa5 c3 42. Qc7+ Kg8 43. Re1 Rxg3+ 44. Kh1 Re3 45. Bd5+ Kh8 46.
Qb8+ Kg7 47. Qa7+ 1-0

[Event "Internationaal Jeugdtoernooi Limburg 6"]
[Site "Venlo"]
[Date "2000.07.06"]
[Round "1"]
[White "Vinck, Martin"]
[Black "Snoeck, Rene"]
[Result "0-1"]
[WhiteElo "2155"]
[BlackElo "1750"]
[PlyCount "61"]
[EventDate "2000.07.06"]
[EventType "swiss"]
[EventRounds "7"]
[EventCountry "NED"]
[Source "P.Boonen"]
[SourceDate "2009.01.01"]

1. e4 c6 2. d4 d5 3. exd5 cxd5 4. c4 Nf6 5. Nc3 g6 6. cxd5 Bg7 7. Qb3 O-O 8. g3
Re8 9. Bg2 e6 10. d6 Qxd6 11. Bf4 Qe7 12. Nb5 Nd5 13. Bd6 Qd7 14. Bc5 Nc6 15.
Ne2 Na5 16. Qa4 b6 17. Nec3 Bb7 18. Nd6 Bc6 19. Qa3 Nxc3 20. Nxe8 Bxg2 21. Rg1
Nb5 22. Qb4 Bc6 23. Nxg7 Kxg7 24. Be7 Nxd4 25. O-O-O e5 26. f4 Qf5 27. Rxd4
exd4 28. Qxd4+ Kg8 29. g4 Qe6 30. Bf6 Rc8 31. Bh8 0-1

[Event "Internationaal Jeugdtoernooi Limburg 6"]
[Site "Venlo"]
[Date "2000.07.06"]
[Round "1"]
[White "Wirig, Anthony"]
[Black "Van Gemen, Felix"]
[Result "1-0"]
[WhiteElo "2221"]
[BlackElo "1803"]
[PlyCount "59"]
[EventDate "2000.07.06"]
[EventType "swiss"]
[EventRounds "7"]
[EventCountry "NED"]
[Source "P.Boonen"]
[SourceDate "2009.01.01"]

1. d4 Nf6 2. Nf3 e6 3. Nbd2 d5 4. e3 b6 5. c3 Bd6 6. Bd3 O-O 7. O-O Ba6 8. Bxa6
Nxa6 9. Qe2 Nb8 10. e4 dxe4 11. Nxe4 Nxe4 12. Qxe4 Nd7 13. Bg5 Nf6 14. Qe2 h6
15. Bh4 c6 16. Rad1 Qc7 17. Bxf6 gxf6 18. c4 Rfe8 19. h3 Rad8 20. a3 a5 21.
Rfe1 Re7 22. Qc2 Red7 23. Re4 f5 24. Re2 c5 25. d5 Bf4 26. Rde1 exd5 27. Qxf5
dxc4 28. Re4 Bd6 29. Rg4+ Kf8 30. Qf6 1-0

[Event "Internationaal Jeugdtoernooi Limburg 6"]
[Site "Venlo"]
[Date "2000.07.06"]
[Round "1"]
[White "Wortel, Marten"]
[Black "Holtackers, Daan"]
[Result "1/2-1/2"]
[WhiteElo "2256"]
[BlackElo "1850"]
[PlyCount "53"]
[EventDate "2000.07.06"]
[EventType "swiss"]
[EventRounds "7"]
[EventCountry "NED"]
[Source "P.Boonen"]
[SourceDate "2009.01.01"]

1. e4 c5 2. Nf3 e6 3. d4 cxd4 4. Nxd4 Nf6 5. Nc3 d6 6. Be2 Be7 7. O-O Nc6 8.
Be3 O-O 9. f4 a6 10. Qe1 Qc7 11. Qg3 Bd7 12. e5 Ne8 13. Bd3 Nb4 14. Rac1 Rc8
15. a3 Nxd3 16. cxd3 Qb8 17. Ne4 Bc6 18. f5 Bxe4 19. f6 Bxf6 20. exf6 Bg6 21.
h4 Nxf6 22. Rxc8 Qxc8 23. Rxf6 gxf6 24. h5 e5 25. hxg6 fxg6 26. Nf3 Qf5 27. Ne1
1/2-1/2

[Event "Internationaal Jeugdtoernooi Limburg 6"]
[Site "Venlo"]
[Date "2000.07.06"]
[Round "2"]
[White "Bensdorp, Marlies"]
[Black "Schilperoort, Jeroen"]
[Result "1-0"]
[WhiteElo "1669"]
[BlackElo "1851"]
[PlyCount "39"]
[EventDate "2000.07.06"]
[EventType "swiss"]
[EventRounds "7"]
[EventCountry "NED"]
[Source "P.Boonen"]
[SourceDate "2009.01.01"]

1. d4 c6 2. c4 d5 3. Nc3 Nf6 4. Bg5 e6 5. e3 Be7 6. Nf3 O-O 7. Rc1 Nbd7 8. cxd5
exd5 9. Bd3 Re8 10. O-O Nf8 11. Ne5 Bd6 12. f4 Ne6 13. Bh4 h6 14. Qc2 g5 15.
fxg5 hxg5 16. Bg3 Bxe5 17. Bxe5 Ng4 18. Bh7+ Kf8 19. Qg6 Nf4 20. Bd6+ 1-0

[Event "Internationaal Jeugdtoernooi Limburg 6"]
[Site "Venlo"]
[Date "2000.07.06"]
[Round "2"]
[White "Erwich, Frank AS"]
[Black "Ris, Robert"]
[Result "1-0"]
[WhiteElo "2299"]
[BlackElo "1750"]
[PlyCount "103"]
[EventDate "2000.07.06"]
[EventType "swiss"]
[EventRounds "7"]
[EventCountry "NED"]
[Source "P.Boonen"]
[SourceDate "2009.01.01"]

1. e4 c5 2. Nf3 d6 3. Bb5+ Bd7 4. Bxd7+ Qxd7 5. c4 Nc6 6. d4 cxd4 7. Nxd4 g6 8.
Be3 Bg7 9. f3 Nf6 10. O-O O-O 11. Nc3 Rac8 12. b3 Rfd8 13. Qd2 e6 14. Rac1 d5
15. exd5 exd5 16. c5 Nxd4 17. Bxd4 Ne4 18. fxe4 dxe4 19. Nxe4 Qxd4+ 20. Qxd4
Bxd4+ 21. Kh1 f5 22. Nd6 Rxc5 23. Nxb7 Rxc1 24. Rxc1 Rd7 25. Na5 Bb6 26. Nc4
Kg7 27. a4 Kf6 28. b4 Rc7 29. g3 Be3 30. Rc2 Bd2 31. b5 g5 32. Kg2 Ba5 33. Kf3
Bb6 34. Ke2 Bd4 35. a5 Rc5 36. Na3 Ke5 37. Rxc5+ Bxc5 38. b6 axb6 39. a6 b5 40.
Nxb5 h5 41. a7 Bxa7 42. Nxa7 f4 43. Nc6+ Kf5 44. Nd4+ Ke5 45. gxf4+ Kxf4 46.
Kf2 g4 47. Ne2+ Kg5 48. Ke3 Kh4 49. Ng1 Kg5 50. Ke4 h4 51. Ke5 h3 52. Ne2 1-0

[Event "Internationaal Jeugdtoernooi Limburg 6"]
[Site "Venlo"]
[Date "2000.07.06"]
[Round "2"]
[White "Erwich, Marc JL"]
[Black "Vanwersch, Rob"]
[Result "1-0"]
[WhiteElo "2180"]
[BlackElo "1538"]
[PlyCount "80"]
[EventDate "2000.07.06"]
[EventType "swiss"]
[EventRounds "7"]
[EventCountry "NED"]
[Source "P.Boonen"]
[SourceDate "2009.01.01"]

1. e4 d5 2. exd5 Nf6 3. d4 Nxd5 4. c4 Nb6 5. Nf3 g6 6. Nc3 Bg7 7. Be3 O-O 8.
Be2 Nc6 9. O-O e5 10. d5 Ne7 11. Bc5 Re8 12. a4 Nf5 13. Ne4 Nd6 14. Bxd6 cxd6
15. a5 Bf5 16. axb6 Bxe4 17. Nd2 Bf5 18. bxa7 Qb6 19. Qb3 Qxb3 20. Nxb3 e4 21.
g4 Bd7 22. Ra2 f5 23. c5 Be5 24. Bc4 Kg7 25. Rc1 Re7 26. Bf1 Be8 27. cxd6 Bxd6
28. Nd4 b6 29. Bb5 Bc5 30. Bc6 Bxc6 31. Nxc6 Rc7 32. Rd1 Kf6 33. b4 Bd6 34. Ra6
Rb7 35. Rc1 Kg5 36. gxf5 gxf5 37. b5 Bc5 38. Rxc5 bxc5 39. b6 c4 40. Na5 c3 1-0

[Event "Internationaal Jeugdtoernooi Limburg 6"]
[Site "Venlo"]
[Date "2000.07.06"]
[Round "2"]
[White "Hansen, Herve"]
[Black "Dambacher, Martijn"]
[Result "0-1"]
[WhiteElo "1920"]
[BlackElo "2290"]
[PlyCount "76"]
[EventDate "2000.07.06"]
[EventType "swiss"]
[EventRounds "7"]
[EventCountry "NED"]
[Source "P.Boonen"]
[SourceDate "2009.01.01"]

1. e4 c5 2. Nf3 e6 3. d4 cxd4 4. Nxd4 Nf6 5. Nc3 d6 6. Be2 Nc6 7. Be3 Be7 8. f4
O-O 9. O-O a6 10. a4 Qc7 11. Kh1 Re8 12. Bf3 Bd7 13. Qe1 Nxd4 14. Bxd4 e5 15.
Be3 b5 16. Qf2 Bc6 17. Nd5 Bxd5 18. exd5 e4 19. Be2 Qb7 20. f5 Nxd5 21. Bd4 Bf6
22. Bxf6 Nxf6 23. axb5 axb5 24. Rxa8 Rxa8 25. Qd4 d5 26. Qc5 Rc8 27. Qd6 Qc6
28. Qxc6 Rxc6 29. c3 b4 30. cxb4 Rc2 31. Ba6 Rxb2 32. b5 d4 33. Rc1 g6 34. fxg6
hxg6 35. h3 d3 36. Rc8+ Kg7 37. Rd8 d2 38. Kh2 e3 0-1

[Event "Internationaal Jeugdtoernooi Limburg 6"]
[Site "Venlo"]
[Date "2000.07.06"]
[Round "2"]
[White "Holtackers, Daan"]
[Black "Vinck, Martin"]
[Result "0-1"]
[WhiteElo "1850"]
[BlackElo "2155"]
[PlyCount "63"]
[EventDate "2000.07.06"]
[EventType "swiss"]
[EventRounds "7"]
[EventCountry "NED"]
[Source "P.Boonen"]
[SourceDate "2009.01.01"]

1. Nf3 d6 2. g3 g6 3. Bg2 Bg7 4. c4 e5 5. Nc3 f5 6. d3 Nf6 7. Rb1 Nc6 8. b4 O-O
9. b5 Ne7 10. O-O h6 11. a4 g5 12. a5 Rb8 13. Ba3 b6 14. axb6 axb6 15. Qb3 Kh7
16. Ra1 e4 17. dxe4 Nxe4 18. Bb2 g4 19. Nxe4 gxf3 20. Bxf3 Bxb2 21. Qxb2 fxe4
22. Bxe4+ Bf5 23. Qc2 Qd7 24. Ra7 Rbe8 25. Rfa1 Bxe4 26. Qxe4+ Ng6 27. Qd3 Rf7
28. h4 Qg4 29. R1a2 Re4 30. h5 Ne5 31. Qb1 Qf5 32. f3 0-1